| 000 | 01169nam a22003857a 4500 | ||
|---|---|---|---|
| 003 | AR-RoUNA | ||
| 005 | 20260504123745.0 | ||
| 008 | 260504b |||||||| |||| 00| 0 spa d | ||
| 020 | _a9789872877446 | ||
| 040 |
_aAR-RoUNA _bspa |
||
| 041 |
_aspa _hspa |
||
| 044 | _aag | ||
| 245 | 1 | 2 |
_aAnuario 2013 : _bregistro de acciones artisticas Rosario / _ceditores Pablo Montini; Georgina Ricci; Lila Siegrist |
| 250 | _a1a. ed. | ||
| 260 |
_aRosario, Santa Fe, Argentina : _bYo soy Gilda, _c2014 |
||
| 300 |
_a456 p. : _bfot. byn. _c30x21 cm |
||
| 600 | 1 |
_aSiegrist, Lila _97216 |
|
| 600 | 1 |
_aRicci, Georgina _97217 |
|
| 600 | 1 |
_aMontini, Pablo _95684 |
|
| 650 | 4 | _aArte contemporaneo | |
| 650 | 4 | _aArtes visuales | |
| 650 | 4 | _aTeoria del arte | |
| 650 | 4 | _aFormas | |
| 650 | 4 | _aEducacion artistica | |
| 651 | 0 |
_aRosario (Santa Fe, Argentina) _91246 |
|
| 700 | 1 |
_aMontini, Pablo _95684 |
|
| 700 | 1 |
_aRicci, Georgina _97217 |
|
| 700 | 1 |
_aSiegrist, Lilia _927712 |
|
| 908 | _aImp | ||
| 930 | _e12325 | ||
| 942 |
_2udc _cLIB |
||
| 945 |
_aMIA _d2017-06-22 |
||
| 980 |
_gMaricel Allasia _61 _aMaricel Allasia _81 |
||
| 999 |
_c12398 _d12398 |
||